| 000 -ლიდერი |
| ფიქსირებული სიგრძის საკონტროლო ველი |
01359nam a2200265Ia 4500 |
| 001 - საკონტროლო ნომერი |
| საკონტროლო ველი |
19948 |
| 003 - საკონტროლო ნომრის იდენტიფიკატორი |
| საკონტროლო ველი |
GE_BSU |
| 005 - ბოლო ოპერაციის თარიღი და დრო |
| საკონტროლო ველი |
20200519224021.0 |
| 008 - ფიქსირებული სიგრძის მონაცემთა ელემენტები - ზოგადი ინფორმაცია |
| ფიქსირებული სიგრძის საკონტროლო ველი |
181216s1956||||ge |||||||||||||| ||geo|| |
| 040 ## - კატალოგიზაციის წყარო |
| Transcribing agency |
GE_BSU |
| 041 ## - ენის კოდი |
| Language code of text/sound track or separate title |
geo |
| 080 ## - უნივერსალური ათობითი კლასიფიკაციის ინდექსი |
| Universal Decimal Classification number |
81'373(038)=161.1'38=353.1 გ 19 |
| 100 ## - მთავარი ჩანაწერი - პიროვნების სახელი |
| Personal name |
გამრეკელი, ნ. |
| 9 (RLIN) |
7967 |
| 245 ## - ცნობა სათაურის შესახებ |
| Title |
რუსულ - ქართული იდიომატიკა = Русско - грузинская идиоматика / |
| Statement of responsibility, etc |
ნ. გამრეკელი, ე. მგალობლიშვილი ; რედ. დ. მგელაძე და ივ. ქავთარაძე. |
| 264 ## - წარმოების, გამოცემის, დისტრიბუციის და სხვა ცნობები |
| გამოცემის, წარმოების, დისტრიბუციის... ადგილი |
თბილისი : |
| გამოცემის, წარმოების, დისტრიბუციის... სახელწოდება |
სამეცნ.- მეთოდ. კაბინეტის გამ-ბა, |
| გამოცემის, წარმოების, დისტრიბუციის... თარიღი |
1956. |
| 300 ## - ფიზიკური აღწერა |
| Extent |
336 გვ. ; |
| Dimensions |
22 სმ. |
| 653 ## - INDEX TERM--UNCONTROLLED |
| Uncontrolled term |
რუსულ-ქართული იდიომატიკა |
| 653 ## - INDEX TERM--UNCONTROLLED |
| Uncontrolled term |
ქართული ენა |
| 700 ## - ADDED ENTRY--PERSONAL NAME |
| Personal name |
მგალობლიშვილი, ე. |
| Relator term |
ავტორი |
| 9 (RLIN) |
8099 |
| 700 ## - ADDED ENTRY--PERSONAL NAME |
| Personal name |
მგელაძე, დ. |
| Relator term |
რედაქტორი |
| 9 (RLIN) |
7969 |
| 700 ## - ADDED ENTRY--PERSONAL NAME |
| Personal name |
ქავთარაძე, ივ. |
| Relator term |
რედაქტორი |
| 9 (RLIN) |
8100 |
| 710 ## - ADDED ENTRY--CORPORATE NAME |
| Corporate name or jurisdiction name as entry element |
საქ. სსრ განათლების სამინისტრო |
| 9 (RLIN) |
8101 |
| 942 ## - ADDED ENTRY ELEMENTS (KOHA) |
| Koha item type |
წიგნი |
| Source of classification or shelving scheme |
|